[Event "Xtracon Chess Open 2019"]
[Site "Helsingor DEN"]
[Date "2019.07.20"]
[Round "1.82"]
[White "Petersen, Rasmus"]
[Black "Hinrichs, Lars"]
[Result "0-1"]
[WhiteElo "1745"]
[BlackElo "2234"]
[WhiteFideId "1448250"]
[BlackFideId "12921769"]
[EventDate "2019.07.20"]

1. d4 e6 2. c4 b6 3. Nf3 Bb7 4. g3 Bb4+ 5. Nc3 Nf6 6. Bg2 Ne4 7. Qc2 f5 8. O-O
Nxc3 9. bxc3 Be4 10. Qb3 Bd6 11. a4 Nc6 12. Qd1 O-O 13. Nd2 Bxg2 14. Kxg2 Na5
15. e3 e5 16. Ba3 Qe7 17. Bxd6 cxd6 18. Rb1 Rac8 19. Qe2 Rc7 20. d5 Qf7 21. e4
fxe4 22. Qxe4 Qg6 23. Qxg6 hxg6 24. Rb4 Rfc8 25. Re1 Nxc4 26. Ne4 Rb8 27. Re2
Kf8 28. Kf1 Ke7 29. Ke1 Rf8 30. Kd1 Rf3 31. Kc2 Na5 32. Re3 Rxe3 33. fxe3 Rc8
34. Kd3 Nb7 35. Rb2 Rf8 36. Ke2 Rc8 37. Kd3 g5 38. g4 Rf8 39. Ke2 Nc5 40. Nxc5
dxc5 41. Rb1 Rh8 42. Rh1 Rh3 43. c4 e4 44. Kf2 Kd6 45. Ke2 Kc7 46. Kf2 Kb7 0-1

[Event "Xtracon Chess Open 2019"]
[Site "Helsingor DEN"]
[Date "2019.07.20"]
[Round "1.83"]
[White "Jaksland, Tim"]
[Black "Poulsen, Knud"]
[Result "1-0"]
[WhiteTitle "FM"]
[WhiteElo "2230"]
[BlackElo "1743"]
[WhiteFideId "1401084"]
[BlackFideId "1422324"]
[EventDate "2019.07.20"]

1. Nf3 d5 2. c4 d4 3. b4 e6 4. Bb2 c5 5. e3 dxe3 6. fxe3 cxb4 7. d4 Nf6 8. Bd3
Be7 9. O-O O-O 10. Nbd2 a5 11. Qe2 b6 12. e4 Nc6 13. e5 Ne8 14. Qe4 f5 15. exf6
Nxf6 16. Qe2 Qc7 17. Ng5 e5 18. dxe5 Bc5+ 19. Kh1 Bg4 20. Qe1 Qd7 21. Bc2 Nd4
22. Bxd4 Bxd4 23. exf6 Bxf6 24. Qe4 Bf5 25. Rxf5 Rae8 26. Re5 g6 27. Nxh7 Bg7
28. Nxf8 Rxf8 1-0

[Event "Xtracon Chess Open 2019"]
[Site "Helsingor DEN"]
[Date "2019.07.20"]
[Round "1.84"]
[White "Wahlgreen, Noah"]
[Black "Nielsen, Andre"]
[Result "0-1"]
[BlackTitle "FM"]
[WhiteElo "1743"]
[BlackElo "2229"]
[WhiteFideId "1457349"]
[BlackFideId "1518240"]
[EventDate "2019.07.20"]

1. e4 e5 2. Nf3 Nc6 3. Bc4 Nf6 4. d3 Bc5 5. c3 d6 6. h3 a6 7. O-O Ba7 8. b4 O-O
9. Re1 Ne7 10. Bg5 Ng6 11. d4 h6 12. Nh4 Kh8 13. Nxg6+ fxg6 14. Bh4 g5 15. Bg3
Qe8 16. Qd3 exd4 17. cxd4 d5 18. Bb3 dxe4 19. Qe3 Be6 20. Bxe6 Qxe6 21. Bxc7 Nd5
22. Qg3 Bxd4 23. Nd2 Bxf2+ 0-1

[Event "Xtracon Chess Open 2019"]
[Site "Helsingor DEN"]
[Date "2019.07.20"]
[Round "1.85"]
[White "Schmidt, Kristen"]
[Black "Christiansen, Torsten Sundgaar"]
[Result "1-0"]
[WhiteElo "2225"]
[BlackElo "1742"]
[WhiteFideId "1400436"]
[BlackFideId "1419714"]
[EventDate "2019.07.20"]

1. e4 d6 2. d4 f5 3. exf5 Bxf5 4. Bd3 Qd7 5. Nf3 Nf6 6. O-O Nc6 7. c3 g6 8. Re1
Bg7 9. Bc4 d5 10. Bb5 Ne4 11. Ne5 Bxe5 12. dxe5 a6 13. Ba4 Qe6 14. b4 b5 15. Bb3
Qxe5 16. f3 Nxc3 17. Rxe5 Nxd1 18. Re1 Bxb1 19. Bxd5 Nxb4 20. Bxa8 Bc2 21. Ba3
O-O 22. Bxb4 Rxa8 23. Raxd1 Bxd1 24. Rxd1 Rc8 25. Bxe7 c5 26. Rd8+ Rxd8 27. Bxd8
Kf7 28. Bb6 c4 29. Kf2 Ke6 30. Ke3 Kd5 31. a3 g5 32. Ba5 1-0

[Event "Xtracon Chess Open 2019"]
[Site "Helsingor DEN"]
[Date "2019.07.20"]
[Round "1.86"]
[White "Fuchs, Jochen"]
[Black "Schwarz, Frank"]
[Result "0-1"]
[WhiteElo "1742"]
[BlackElo "2224"]
[WhiteFideId "16243943"]
[BlackFideId "4658035"]
[EventDate "2019.07.20"]

1. Nf3 d5 2. c4 c6 3. g3 Nf6 4. Bg2 Bf5 5. b3 e6 6. Bb2 h6 7. O-O Be7 8. d3 O-O
9. Nbd2 Re8 10. Rc1 a5 11. a3 Na6 12. Rc2 Bh7 13. Qa1 Bf8 14. Rcc1 Nc5 15. Rfd1
Nfd7 16. d4 Na6 17. Ne1 f5 18. f4 Nf6 19. Nd3 Bd6 20. Nf2 Ne4 21. Ndxe4 fxe4 22.
e3 Bf5 23. Bc3 b6 24. Qb2 Qe7 25. Ra1 Reb8 26. Ra2 Qf8 27. Rda1 c5 28. Qe2 Nc7
29. g4 Bg6 30. h4 a4 31. Rb1 axb3 32. Rxb3 Ra4 33. cxd5 exd5 34. Qb2 b5 35. dxc5
Bxc5 36. Be5 Bd6 37. Bf1 Be8 38. Nd1 Ra5 39. Bc3 Ra4 40. Be5 Raa8 41. Bxd6 Qxd6
42. Nc3 Qd7 43. a4 Qxg4+ 44. Bg2 Qxh4 45. Nxb5 Qe1+ 46. Kh2 Bxb5 47. axb5 Rxa2
48. Qxa2 Rb6 49. Kh3 Rg6 50. Kh2 Qg3+ 51. Kg1 Rb6 52. Kf1 Qg4 53. Rb1 Kh7 54.
Qa5 Qe6 55. Kf2 Ne8 56. Rd1 Nf6 57. Bf1 Rb8 58. Be2 Rb7 59. Qa6 Rb6 60. Qa7 Qd6
61. Rg1 Ne8 62. Qf7 Rb8 63. Qf5+ Kh8 64. Rg6 Nf6 65. Qe5 Qb6 66. Qe7 Rb7 67.
Qf8+ Kh7 68. Rg1 d4 69. Qa3 0-1

[Event "Xtracon Chess Open 2019"]
[Site "Helsingor DEN"]
[Date "2019.07.20"]
[Round "1.87"]
[White "Vesterli, Michael E."]
[Black "Munksgaard, Bo"]
[Result "1-0"]
[WhiteElo "2221"]
[BlackElo "1740"]
[WhiteFideId "1417339"]
[BlackFideId "1407473"]
[EventDate "2019.07.20"]

1. d4 d6 2. Nf3 Nd7 3. c4 e5 4. Nc3 Ngf6 5. e4 c6 6. Be2 Be7 7. O-O Qc7 8. Qc2
a5 9. Rd1 h6 10. Be3 O-O 11. a3 Re8 12. Rab1 Bf8 13. b4 axb4 14. axb4 exd4 15.
Nxd4 c5 16. Nf5 cxb4 17. Nb5 Qc6 18. f3 b3 19. Rxb3 Nc5 20. Nfd4 Qb6 21. Rb2 d5
22. Nc3 Qd8 23. cxd5 Bd6 24. Ndb5 Bf8 25. d6 1-0

[Event "Xtracon Chess Open 2019"]
[Site "Helsingor DEN"]
[Date "2019.07.20"]
[Round "1.88"]
[White "Norevall, Ulf"]
[Black "Rossen, Claus"]
[Result "1/2-1/2"]
[WhiteElo "1739"]
[BlackElo "2217"]
[WhiteFideId "1705555"]
[BlackFideId "1403222"]
[EventDate "2019.07.20"]

1. d4 Nf6 2. c4 g6 3. f3 d5 4. cxd5 Nxd5 5. e4 Nb6 6. Nc3 Bg7 7. Be3 O-O 8. Qd2
Nc6 9. d5 Na5 10. b3 c6 11. Rd1 cxd5 12. Nxd5 Nxd5 13. Qxd5 Qc7 14. Ne2 Be6 15.
Qc5 Rfc8 16. Qxc7 Rxc7 17. Nd4 Bd7 18. Nb5 Bxb5 19. Bxb5 Rc2 20. O-O a6 21. b4
Nc4 22. Bxc4 Rxc4 23. Rd7 Rxb4 24. Rfd1 f5 25. exf5 gxf5 26. Rxe7 Bf8 27. Re5
Ra4 28. Rd7 Bg7 29. Rxf5 Rf8 30. Rg5 Rf7 31. Rd8+ Rf8 32. Rd7 Rf7 33. Rd8+ 1/2-1/2

[Event "Xtracon Chess Open 2019"]
[Site "Helsingor DEN"]
[Date "2019.07.20"]
[Round "1.89"]
[White "Andersen, Morten"]
[Black "Hamalainen, Joel"]
[Result "1-0"]
[WhiteElo "2212"]
[BlackElo "1736"]
[WhiteFideId "1504908"]
[BlackFideId "516660"]
[EventDate "2019.07.20"]

1. c4 f5 2. Nc3 Nf6 3. g3 e6 4. Bg2 Bb4 5. Qc2 O-O 6. e3 Bxc3 7. Qxc3 a5 8. Ne2
Ne4 9. Qc2 Na6 10. a3 d6 11. O-O Nf6 12. d4 e5 13. dxe5 dxe5 14. Rd1 Qe8 15. Bd2
a4 16. Nc3 Nc5 17. Nb5 Rf7 18. Bc3 Nb3 19. Rab1 Rd7 20. Rxd7 Qxd7 21. Bxe5 Ne8
22. Rd1 Qe7 23. f4 Ra6 24. Qd3 Kf7 25. Qd8 Qxd8 26. Rxd8 Be6 27. Rxe8 1-0

[Event "Xtracon Chess Open 2019"]
[Site "Helsingor DEN"]
[Date "2019.07.20"]
[Round "1.90"]
[White "Brokso, Kim"]
[Black "Eriksson, Jorgen"]
[Result "0-1"]
[WhiteElo "1732"]
[BlackElo "2211"]
[WhiteFideId "1441477"]
[BlackFideId "1701967"]
[EventDate "2019.07.20"]

1. e4 d6 2. Bc4 Nf6 3. d3 c6 4. a4 d5 5. exd5 cxd5 6. Ba2 Nc6 7. c3 Bg4 8. Ne2
e6 9. O-O Bd6 10. Be3 O-O 11. Qd2 Re8 12. b4 Bxe2 13. Qxe2 d4 14. cxd4 Nxb4 15.
Bc4 Nfd5 16. Na3 a6 17. Nc2 Nxc2 18. Qxc2 Qc7 19. h3 b5 20. axb5 axb5 21. Bb3
Qxc2 22. Bxc2 Nb4 23. Rxa8 Rxa8 24. Bb1 Ra1 25. Rc1 Kf8 26. Kf1 Ke7 27. Ke1 Na2
28. Bxa2 Rxa2 29. Rb1 b4 30. Kd1 Kd7 31. Bd2 Kc6 32. Kc1 Kd5 33. Be3 Be7 34. Rb3
f5 35. Kb1 Re2 36. g3 g5 37. Rb2 Re1+ 38. Kc2 h6 39. Ra2 Re2+ 40. Kb3 Rxa2 41.
Kxa2 h5 42. Kb3 f4 43. gxf4 gxf4 44. Bxf4 Kxd4 45. Bd2 Kxd3 46. Bxb4 Bxb4 47.
Kxb4 Ke2 48. Kc5 Kxf2 49. Kd6 Kg3 50. Kxe6 Kxh3 0-1

[Event "Xtracon Chess Open 2019"]
[Site "Helsingor DEN"]
[Date "2019.07.20"]
[Round "1.91"]
[White "Kvaloy, Aksel Bu"]
[Black "Halldorsson, Tobias Kjar"]
[Result "1-0"]
[WhiteElo "2205"]
[BlackElo "1730"]
[WhiteFideId "1528815"]
[BlackFideId "1464701"]
[EventDate "2019.07.20"]

1. e4 e5 2. Nf3 Nc6 3. Nc3 Nf6 4. d4 exd4 5. Nxd4 h6 6. Be3 Bb4 7. f3 d5 8. Nxc6
bxc6 9. e5 Nd7 10. f4 Qe7 11. Be2 O-O 12. O-O f6 13. Nxd5 cxd5 14. Qxd5+ Kh8 15.
Qxa8 fxe5 16. Qe4 1-0

[Event "Xtracon Chess Open 2019"]
[Site "Helsingor DEN"]
[Date "2019.07.20"]
[Round "1.92"]
[White "Gregersen, Hedin"]
[Black "Weber, Samuel"]
[Result "0-1"]
[WhiteElo "1728"]
[BlackElo "2203"]
[WhiteFideId "7200226"]
[BlackFideId "12924008"]
[EventDate "2019.07.20"]

1. c4 Nf6 2. Nc3 g6 3. e4 d6 4. Nge2 Bg7 5. g3 O-O 6. Bg2 e5 7. O-O Be6 8. d3
Nc6 9. f4 exf4 10. gxf4 Bg4 11. h3 Bxe2 12. Nxe2 Nh5 13. f5 Nd4 14. Nxd4 Bxd4+
15. Kh2 Qe7 16. Qg4 Qe5+ 17. Bf4 Nxf4 18. Rxf4 Qxf4+ 19. Qxf4 Be5 20. Qxe5 dxe5
21. Kg3 Rfd8 22. Rd1 Rd6 23. c5 Rd4 24. Kf3 a5 25. Ke3 a4 26. Rc1 Rb4 27. Rc2 a3
28. b3 Rxb3 0-1

[Event "Xtracon Chess Open 2019"]
[Site "Helsingor DEN"]
[Date "2019.07.20"]
[Round "1.93"]
[White "Thorsbro, Peter"]
[Black "Strachan, Christian C."]
[Result "1-0"]
[WhiteElo "2199"]
[BlackElo "1727"]
[WhiteFideId "1406671"]
[BlackFideId "1417215"]
[EventDate "2019.07.20"]

1. d4 d5 2. c4 c6 3. Nc3 Nf6 4. Nf3 a6 5. c5 Nbd7 6. Bf4 b6 7. cxb6 Qxb6 8. Na4
Qa5+ 9. Bd2 Qc7 10. Rc1 e6 11. Qc2 Bb7 12. e3 Ne4 13. Bd3 Nxd2 14. Nxd2 Bd6 15.
h3 h6 16. O-O O-O 17. Nb3 Rfc8 18. Qd2 a5 19. Nbc5 Bxc5 20. Nxc5 Nxc5 21. Rxc5
Qb6 22. Rfc1 Rcb8 23. b3 Qb4 24. R1c3 a4 25. Qb2 a3 26. Qc1 Re8 27. f4 Rad8 28.
Kh2 g6 29. Qe1 Kg7 30. h4 h5 31. Qg3 Rd7 32. Qg5 Qb6 33. Qg3 Qb4 34. Be2 Kh7 35.
Qg5 Qb6 36. g4 Qd8 37. gxh5 Qxg5 38. hxg5 gxh5 39. Bxh5 Kg7 40. Be2 f6 1-0

[Event "Xtracon Chess Open 2019"]
[Site "Helsingor DEN"]
[Date "2019.07.20"]
[Round "1.94"]
[White "Bohlin, Jan"]
[Black "Liu, Casper"]
[Result "1/2-1/2"]
[WhiteElo "1724"]
[BlackElo "2194"]
[WhiteFideId "1758616"]
[BlackFideId "1454153"]
[EventDate "2019.07.20"]

1. c4 e5 2. Nc3 Nc6 3. Nf3 f5 4. g3 g6 5. d4 e4 6. Bg5 Nce7 7. Nh4 Bg7 8. f3
exf3 9. Nxf3 Nf6 10. Bg2 O-O 11. O-O Ne4 12. Bf4 d5 13. cxd5 Nxc3 14. bxc3 Nxd5
15. Bg5 Qd6 16. Qd2 c5 17. Rad1 Be6 18. Kh1 Rac8 19. Ne5 Nxc3 20. Qxc3 cxd4 21.
Qxd4 Qxe5 22. Qxe5 Bxe5 23. Bxb7 Rc2 24. Rd2 Rxd2 25. Bxd2 Rb8 26. Bf3 Rb2 27.
Bh6 Rxa2 28. e4 fxe4 29. Bg4 Bf5 30. Bxf5 gxf5 31. Rxf5 Bd6 32. Rf6 Bc5 33. Re6
e3 34. Bxe3 Re2 35. Bxc5 Rxe6 36. Bxa7 Re2 37. Bb8 Kf7 38. h3 Ke6 39. Bc7 h5 40.
Bb8 Kf5 41. Bc7 Kg5 42. Bb8 h4 43. gxh4+ Kxh4 44. Bc7 Kxh3 1/2-1/2

[Event "Xtracon Chess Open 2019"]
[Site "Helsingor DEN"]
[Date "2019.07.20"]
[Round "1.95"]
[White "Ernst, Michael"]
[Black "Rendlev, Niels Moller"]
[Result "1-0"]
[WhiteTitle "CM"]
[WhiteElo "2190"]
[BlackElo "1721"]
[WhiteFideId "1618393"]
[BlackFideId "1409042"]
[EventDate "2019.07.20"]

1. d4 d5 2. Bf4 c6 3. e3 Nf6 4. c4 Bf5 5. Qb3 Qb6 6. Nd2 e6 7. c5 Qxb3 8. axb3
Nbd7 9. b4 Be7 10. h3 h6 11. Ngf3 O-O 12. b5 cxb5 13. Bxb5 a6 14. Be2 Ne4 15.
Nxe4 Bxe4 16. O-O g5 17. Bh2 Nf6 18. Ne5 Rfd8 19. b4 Nd7 20. Nxd7 Rxd7 21. b5 a5
22. b6 Rdd8 23. Bc7 1-0

[Event "Xtracon Chess Open 2019"]
[Site "Helsingor DEN"]
[Date "2019.07.20"]
[Round "1.96"]
[White "Horslund, Mikael"]
[Black "Hartung-Nielsen, Jens"]
[Result "0-1"]
[WhiteElo "1716"]
[BlackElo "2184"]
[WhiteFideId "1421042"]
[BlackFideId "1400690"]
[EventDate "2019.07.20"]

1. e4 c5 2. Nf3 g6 3. Nc3 Bg7 4. Bc4 Nc6 5. O-O d6 6. Re1 Nh6 7. a4 O-O 8. d3
Bg4 9. Ne2 Bxf3 10. gxf3 Ne5 11. Ng3 Nxc4 12. dxc4 Qc8 13. Qd5 Kh8 14. Ra3 Ng8
15. Qd3 Nf6 16. Qf1 Qe6 17. a5 Nd7 18. f4 Rab8 19. Rb3 b6 20. a6 Rbe8 21. Bd2
Nb8 22. Bc3 Nc6 23. Bxg7+ Kxg7 24. Rc3 Qg4 25. f5 Nd4 26. Qg2 Kh8 27. f3 Qh4 28.
Rce3 Rg8 29. fxg6 Rxg6 30. e5 dxe5 31. Rxe5 Reg8 32. R1e4 Qf6 33. f4 Nf5 34.
Rxf5 Qxf5 35. Rxe7 Qxf4 0-1

[Event "Xtracon Chess Open 2019"]
[Site "Helsingor DEN"]
[Date "2019.07.20"]
[Round "1.97"]
[White "Solberg, Joachim"]
[Black "Jarlskov, Daniel Tuk Hartso"]
[Result "1-0"]
[WhiteTitle "FM"]
[WhiteElo "2181"]
[BlackElo "1716"]
[WhiteFideId "1502930"]
[BlackFideId "1463896"]
[EventDate "2019.07.20"]

1. e4 e5 2. Nf3 Nc6 3. d4 exd4 4. Nxd4 Nf6 5. Nc3 Bb4 6. Nxc6 bxc6 7. Bd3 h6 8.
O-O O-O 9. e5 Nd5 10. Nxd5 cxd5 11. Qg4 Qe7 12. Bxh6 Qxe5 13. Bxg7 d6 14. Qxb4
Kxg7 15. Rae1 Qg5 16. Re3 c5 17. Qd2 Kh8 18. Rh3+ Bxh3 19. Qxg5 1-0

[Event "Xtracon Chess Open 2019"]
[Site "Helsingor DEN"]
[Date "2019.07.20"]
[Round "1.98"]
[White "Opseth, Oliver"]
[Black "Colbow, Collin"]
[Result "0-1"]
[WhiteElo "1714"]
[BlackElo "2167"]
[WhiteFideId "1523813"]
[BlackFideId "16201132"]
[EventDate "2019.07.20"]

1. d4 Nf6 2. Bf4 e6 3. Nf3 b6 4. Nc3 Bb7 5. e3 Bb4 6. a3 Bxc3+ 7. bxc3 Nd5 8.
Bg5 f6 9. c4 fxg5 10. cxd5 Bxd5 11. Ne5 O-O 12. Bd3 Qf6 13. Ng4 Qe7 14. O-O d6
15. Qb1 h5 16. e4 hxg4 17. exd5 exd5 18. c4 Qf6 19. Qd1 Nc6 20. Qxg4 Nxd4 21.
Rae1 c5 22. Re3 Nf5 23. Rf3 Nh6 24. Qh5 Qe5 25. Re3 Qf6 26. cxd5 g4 27. Re6 Qf7
28. Qg5 Qf4 29. Qg6 Rf6 30. Qh7+ Kf8 31. Rxf6+ Qxf6 32. Re1 Nf7 33. Bb5 Rd8 34.
Qe4 Ne5 35. Qa4 a5 36. Be2 Qg5 37. Qe4 Re8 38. Qb1 Nf3+ 39. Bxf3 Rxe1+ 40. Qxe1
gxf3 41. g3 Qxd5 42. h4 c4 43. Qc1 Qd3 44. Qg5 c3 45. g4 c2 46. Qd8+ Kf7 47.
Qd7+ Kf6 48. g5+ Kg6 49. Qe8+ Kf5 50. Qf7+ Kg4 51. Qe6+ Kxh4 52. Kh2 c1=Q 53.
Qh3+ Kxg5 54. Qg3+ Kf6 55. Qh4+ Qg5 56. Qxg5+ Kxg5 57. a4 Qf1 58. Kg3 Qg2# 0-1

[Event "Xtracon Chess Open 2019"]
[Site "Helsingor DEN"]
[Date "2019.07.20"]
[Round "1.99"]
[White "Kunz, Andre"]
[Black "Nielsen, Jorgen Kamp"]
[Result "1-0"]
[WhiteElo "2163"]
[BlackElo "1711"]
[WhiteFideId "24623652"]
[BlackFideId "1413279"]
[EventDate "2019.07.20"]

1. e4 d5 2. exd5 Nf6 3. d4 Bg4 4. f3 Bf5 5. Bb5+ c6 6. dxc6 bxc6 7. Ba4 e6 8.
Ne2 Bd6 9. Bf4 Qa5+ 10. c3 Bxf4 11. Nxf4 Qa6 12. Bc2 Qb5 13. b4 O-O 14. a4 Bxc2
15. Qxc2 Qg5 16. g3 Nbd7 17. Nd2 e5 18. dxe5 Qxe5+ 19. Kf2 Nd5 20. Nxd5 Qxd5 21.
Rad1 Qh5 22. Nc4 Rad8 23. h4 f5 24. Qc1 Qf7 25. Qf4 Nb6 26. Nd6 Qf6 27. c4 Qb2+
28. Rd2 Qxb4 29. Rhd1 Qc5+ 30. Kg2 Nd5 31. Rxd5 cxd5 32. Rxd5 Qb4 33. Qd4 Qxa4
34. Kh3 Qc6 35. Nxf5 Qc8 36. Qxg7# 1-0

[Event "Xtracon Chess Open 2019"]
[Site "Helsingor DEN"]
[Date "2019.07.20"]
[Round "1.100"]
[White "Nielsen, Kai Gylling"]
[Black "Van den Bersselaar, Jeroen"]
[Result "0-1"]
[WhiteElo "1709"]
[BlackElo "2161"]
[WhiteFideId "1406400"]
[BlackFideId "1006282"]
[EventDate "2019.07.20"]

1. c4 e5 2. Nc3 Bb4 3. g3 Bxc3 4. bxc3 d6 5. Bg2 Ne7 6. Rb1 Nbc6 7. e3 O-O 8.
Ne2 Rb8 9. O-O Bf5 10. Rb2 Bd3 11. Bd5 Na5 12. Re1 c6 13. Bg2 Nxc4 14. Rb4 a5
15. Rb3 a4 16. Rb4 b5 17. Rxc4 Bxc4 18. Qc2 Qd7 19. d3 Bd5 20. e4 Be6 21. f4 f5
22. d4 fxe4 23. Bxe4 Bf5 24. dxe5 dxe5 25. fxe5 Bxe4 26. Qxe4 Qd5 27. Qxd5+ Nxd5
28. Ba3 Rf3 29. Bd6 Re8 30. Rc1 Re3 31. Kf2 Re4 32. Kf3 Rc4 33. h4 Kf7 34. Kf2
c5 35. Ke1 b4 36. Kd2 bxc3+ 37. Nxc3 Nxc3 38. Rxc3 Rxc3 39. Kxc3 Ke6 40. Kc4 g6
41. Kxc5 Rc8+ 42. Kb4 Rc2 43. a3 Rg2 44. Kxa4 Rxg3 45. Kb5 Rb3+ 46. Kc4 Rh3 47.
Kb5 Rxh4 48. a4 Rh1 49. a5 Ra1 50. Bc7 Kd5 51. Bd6 h5 52. a6 h4 53. Kb6 h3 0-1

[Event "Xtracon Chess Open 2019"]
[Site "Helsingor DEN"]
[Date "2019.07.20"]
[Round "1.101"]
[White "Christensen, Lasse"]
[Black "Weersing, Abigail Riis"]
[Result "1-0"]
[WhiteElo "2158"]
[BlackElo "1709"]
[WhiteFideId "1402056"]
[BlackFideId "460036"]
[EventDate "2019.07.20"]

1. d4 Nf6 2. Nf3 e6 3. c4 d5 4. g3 c6 5. Bg2 Be7 6. O-O O-O 7. Nc3 Nbd7 8. Ne5
Bd6 9. f4 dxc4 10. Nxc4 Bc7 11. e4 b5 12. Ne3 Nb6 13. e5 Nfd5 14. Ne4 Nxe3 15.
Bxe3 Nc4 16. Qe2 Bb6 17. Rfd1 Bb7 18. b3 Nxe3 19. Qxe3 Bc7 20. Nc5 Qc8 21. Rac1
Rb8 22. Be4 Bb6 23. Qf3 Rd8 24. g4 Rf8 25. Qh3 g6 26. f5 exf5 27. gxf5 f6 28. e6
Bxc5 29. dxc5 1-0

[Event "Xtracon Chess Open 2019"]
[Site "Helsingor DEN"]
[Date "2019.07.20"]
[Round "1.102"]
[White "Weber, Andreas"]
[Black "Petersen, Peter Birk"]
[Result "0-1"]
[WhiteElo "1704"]
[BlackElo "2158"]
[WhiteFideId "24652504"]
[BlackFideId "1401696"]
[EventDate "2019.07.20"]

1. e4 c5 2. d4 cxd4 3. c3 Nf6 4. e5 Nd5 5. Qxd4 e6 6. Nf3 Nc6 7. Qe4 d6 8. g3
dxe5 9. Nxe5 Nf6 10. Nxc6 bxc6 11. Qe2 Qd5 12. Rg1 Be7 13. Bg2 Qd7 14. Bf4 O-O
15. Nd2 Nd5 16. Rd1 a5 17. Be4 Ba6 18. Qh5 f5 19. Bc2 Bf6 20. Nf3 Qb7 21. Bc1
Rae8 22. g4 g6 23. Qh3 c5 24. Bd3 c4 25. Bc2 Qb8 26. gxf5 exf5+ 27. Kf1 Bb7 28.
Bxf5 Nf4 29. Bxf4 Qxf4 30. Bxg6 hxg6 31. Rxg6+ Bg7 32. Qd7 Qf7 33. Qxf7+ Rxf7
34. Nd4 Be4 35. Ra6 Re5 0-1

[Event "Xtracon Chess Open 2019"]
[Site "Helsingor DEN"]
[Date "2019.07.20"]
[Round "1.103"]
[White "Nilssen, Ellen Fredericia"]
[Black "Wheat, Bob"]
[Result "1-0"]
[WhiteTitle "WFM"]
[WhiteElo "2155"]
[BlackElo "1702"]
[WhiteFideId "1441230"]
[BlackFideId "30913640"]
[EventDate "2019.07.20"]

1. d4 f5 2. c4 g6 3. g3 Bg7 4. Nf3 Nf6 5. Bg2 O-O 6. b3 d6 7. Bb2 c6 8. O-O Na6
9. Nbd2 Nc7 10. Qc2 d5 11. Rac1 Be6 12. Ne5 Rc8 13. e3 Ne4 14. Ndf3 Ne8 15. c5
N8f6 16. b4 Nd7 17. Nd3 a5 18. a3 axb4 19. axb4 Qc7 20. Ra1 Ra8 21. Nfe5 Nxe5
22. dxe5 Ng5 23. Bd4 Bd7 24. Qb2 Ne6 25. Rxa8 Rxa8 26. Ra1 Rxa1+ 27. Qxa1 Nxd4
28. exd4 e6 29. Qa7 Bh6 30. Kf1 g5 31. Nc1 g4 32. Nb3 f4 33. gxf4 Bxf4 34. h3 h5
35. Ke2 Kg7 36. Kd3 Kg6 37. Na5 Bc8 38. Qa8 Kg5 39. Kc3 Kh4 40. hxg4 Kxg4 41.
Nb3 h4 42. Qa1 Qh7 43. Qg1 Kh5 44. Bf3+ Kh6 45. Qg4 Qf5 46. Qxh4+ Kg7 47. Qe7+
Kh6 48. Be2 Bg5 49. Qe8 Qh3+ 50. Bd3 1-0

[Event "Xtracon Chess Open 2019"]
[Site "Helsingor DEN"]
[Date "2019.07.20"]
[Round "1.104"]
[White "Linjord, David Jess"]
[Black "Fossan, Aleksander"]
[Result "0-1"]
[WhiteElo "1701"]
[BlackElo "2155"]
[WhiteFideId "1527690"]
[BlackFideId "1519794"]
[EventDate "2019.07.20"]

1. c4 c5 2. Nf3 g6 3. Nc3 Bg7 4. g3 Nc6 5. Bg2 d6 6. O-O e5 7. d3 Nge7 8. e4 O-O
9. Nd5 a6 10. a4 Rb8 11. Bd2 b5 12. axb5 axb5 13. b3 Bg4 14. Be3 Qd7 15. Qd2 f5
16. Ne1 f4 17. Bxc5 dxc5 18. Nc2 f3 19. Bh1 Nd4 20. Nxd4 cxd4 21. Rfc1 bxc4 22.
bxc4 Rb3 23. Qc2 Rfb8 24. Qd2 h6 25. h4 Kh7 26. Qd1 Nxd5 27. cxd5 Qb5 28. Rc4
Rc3 29. Rc1 Qb3 30. Qd2 Rxd3 31. Qe1 Rb7 32. Rc6 Bd7 33. R6c2 Ba4 34. Rd2 Rc3
35. Rdd1 Rxc1 36. Rxc1 Bd7 37. Qd2 Bg4 38. Qe1 Qd3 0-1

[Event "Xtracon Chess Open 2019"]
[Site "Helsingor DEN"]
[Date "2019.07.20"]
[Round "1.106"]
[White "Madison, Sigurd"]
[Black "Moe, Mogens"]
[Result "0-1"]
[BlackTitle "FM"]
[WhiteElo "1700"]
[BlackElo "2152"]
[WhiteFideId "1711806"]
[BlackFideId "1400550"]
[EventDate "2019.07.20"]

1. e4 c5 2. Nf3 Nc6 3. g3 g6 4. Bg2 Bg7 5. d3 d6 6. c3 e5 7. Nbd2 Nge7 8. O-O
O-O 9. Re1 a6 10. a4 Rb8 11. Nc4 b5 12. Ne3 Kh8 13. Bd2 f5 14. Ng5 h6 15. exf5
hxg5 16. fxg6 Bh6 17. h4 Kg7 18. Qh5 Nxg6 19. Bxc6 Qf6 20. Rf1 Ne7 21. hxg5 Qxg5
22. Qh1 Rh8 23. Be4 Qf6 24. Qg2 bxa4 25. Rab1 Be6 26. c4 Bxe3 27. fxe3 Qg5 28.
Qf2 Rbf8 29. Qe1 Rh3 30. Rxf8 Rxg3+ 31. Kf2 Kxf8 32. Qd1 Qh4 33. Qf1 Bg4 34. Bg2
Ke8 35. Kg1 Bh3 36. Be1 Bxg2 37. Qxg2 Rxg2+ 38. Kxg2 Qg4+ 39. Kf2 Nf5 40. Bd2 e4
41. dxe4 Ng3 42. Bc1 Nxe4+ 43. Ke1 Qg2 44. Ra1 Qc2 0-1

[Event "Xtracon Chess Open 2019"]
[Site "Helsingor DEN"]
[Date "2019.07.20"]
[Round "1.107"]
[White "Ask, Josef"]
[Black "Wiberg, Jonas"]
[Result "1-0"]
[WhiteTitle "FM"]
[WhiteElo "2149"]
[BlackElo "1700"]
[WhiteFideId "1704583"]
[BlackFideId "1720090"]
[EventDate "2019.07.20"]

1. e4 c6 2. d4 d5 3. exd5 cxd5 4. c4 Nf6 5. Nc3 e6 6. Nf3 Be7 7. Bd3 Nc6 8. a3
O-O 9. O-O Re8 10. h3 dxc4 11. Bxc4 Nd5 12. Re1 a6 13. Qd3 b6 14. Bb3 g6 15. Bh6
Nxc3 16. bxc3 Bf8 17. Qe3 Qf6 18. d5 Bc5 19. Qd2 Na5 20. Ba2 e5 21. Ng5 Nb7 22.
Ne4 Qd8 23. Bg5 Be7 24. Bxe7 Qxe7 25. d6 Qh4 26. d7 1-0